[Event "Jacarei op 2nd"]
[Site "Jacarei"]
[Date "2019.07.28"]
[Round "5"]
[White "Vaz, Osvaldo Jose"]
[Black "Marino, Felipe Gabriel"]
[Result "1-0"]
[WhiteElo "1847"]
[BlackElo "1657"]
[PlyCount "71"]
[EventDate "2019.07.26"]
[EventType "swiss"]
[EventRounds "6"]
[EventCountry "BRA"]
[SourceTitle "CBM 191 Extra"]
[Source "ChessBase"]
[SourceDate "2019.09.30"]
[SourceVersion "1"]
[SourceVersionDate "2019.09.30"]
[SourceQuality "1"]

1. e4 e5 2. Nf3 Nc6 3. d4 exd4 4. c3 dxc3 5. Bc4 h6 6. 0-0 Bd6 7. Re1 Nge7 8. Nxc3 0-0 9. a3 Ng6 10. b4 Nce5 11. Ba2 Qf6 12. Nd4 c5 13. Nf5 Bb8 14. Bd2 d6 15. Nd5 Qd8 16. Qh5 Bxf5 17. exf5 Qh4 18. Qe2 Nh8 19. h3 Kh7 20. Kh2 Qd8 21. Qh5 f6 22. f4 Nef7 23. Ne7 Bc7 24. Ng6 Re8 25. Re6 Rxe6 26. fxe6 Nxg6 27. exf7 d5 28. Bb1 f5 29. Bxf5 Qf6 30. Rf1 Rf8 31. Re1 Rxf7 32. g4 Qb6 33. Re6 Rxf5 34. gxf5 Qb5 35. Qxg6+ Kg8 36. Re8+ 1-0

[Event "Florianopolis op 4th"]
[Site "Florianopolis"]
[Date "2018.01.19"]
[Round "1"]
[White "Marino, Felipe Gabriel"]
[Black "Rodrigues, Julliano de Araujo"]
[Result "0-1"]
[WhiteElo "1710"]
[BlackElo "1879"]
[PlyCount "84"]
[EventDate "2018.01.19"]
[EventType "swiss"]
[EventRounds "10"]
[EventCountry "BRA"]
[SourceTitle "CBM 182 Extra"]
[Source "ChessBase"]
[SourceDate "2018.02.23"]
[SourceVersion "1"]
[SourceVersionDate "2018.02.23"]
[SourceQuality "1"]

1. e4 e5 2. Nf3 Nc6 3. Bb5 a6 4. Bxc6 dxc6 5. Nc3 Bd6 6. d3 Bg4 7. Be3 Qf6 8. h3 Bh5 9. g4 Bg6 10. Bg5 Qe6 11. Nh4 Ne7 12. Nf5 Rg8 13. Qe2 f6 14. Be3 Bb4 15. a3 Bxc3+ 16. bxc3 Bxf5 17. gxf5 Qf7 18. Bc5 Nxf5 19. Kd2 Nd6 20. f4 exf4 21. e5 fxe5 22. Qxe5+ Kd7 23. Rhf1 g5 24. Rab1 Rae8 25. Qd4 Qd5 26. Qxd5 cxd5 27. Bxd6 Kxd6 28. Rxb7 Rb8 29. Rxb8 Rxb8 30. Re1 h5 31. d4 g4 32. Re5 g3 33. Rg5 Re8 34. h4 Re6 35. Rg7 Kc6 36. a4 Kb6 37. Rg5 c6 38. c4 dxc4 39. Kc3 Rf6 40. Kxc4 f3 41. a5+ Kc7 42. Rg7+ Kd6 0-1

[Event "Caioba Telecom op"]
[Site "Caioba"]
[Date "2017.09.28"]
[Round "1"]
[White "Marino, Felipe Gabriel"]
[Black "Aranha Filho, Alvaro Zimmermann"]
[Result "0-1"]
[WhiteElo "1722"]
[BlackElo "2331"]
[PlyCount "106"]
[EventDate "2017.09.28"]
[EventType "swiss"]
[EventRounds "8"]
[EventCountry "BRA"]
[SourceTitle "EXT 2018"]
[Source "ChessBase"]
[SourceDate "2017.10.13"]
[SourceVersion "1"]
[SourceVersionDate "2017.10.13"]
[SourceQuality "1"]

1. e4 c5 2. Nf3 a6 3. g3 d5 4. exd5 Nf6 5. Bg2 Nxd5 6. 0-0 Nc6 7. Nc3 Bg4 8. h3 Bh5 9. g4 Bg6 10. d3 e6 11. Nxd5 exd5 12. Bf4 Be7 13. a3 0-0 14. c3 b5 15. d4 Be4 16. Ne5 Nxe5 17. Bxe5 Bxg2 18. Kxg2 c4 19. Qd2 Qd7 20. Rae1 a5 21. Re2 b4 22. axb4 axb4 23. Rfe1 f6 24. Bg3 Rf7 25. Re6 b3 26. Qe3 Bf8 27. Re8 Rxe8 28. Qxe8 Qxe8 29. Rxe8 Rd7 30. Ra8 Kf7 31. f3 g6 32. Bf4 h5 33. Kf2 g5 34. Bh2 hxg4 35. hxg4 Bg7 36. Ke2 Bh6 37. Kf2 Bg7 38. Ke2 f5 39. Bb8 Re7+ 40. Kd2 fxg4 41. fxg4 Re4 42. Ra7+ Kg8 43. Rd7 Rxg4 44. Rxd5 Rg2+ 45. Ke3 g4 46. Rd8+ Kf7 47. Rd7+ Kg6 48. Bf4 Rxb2 49. Rd6+ Kf5 50. Rd5+ Ke6 51. Rg5 Bf6 52. d5+ Kf7 53. Rf5 Kg6 0-1

[Event "Paulista-ch"]
[Site "Sao Paulo"]
[Date "2016.11.??"]
[Round "3"]
[White "Marino, Felipe Gabriel"]
[Black "Brujin, Homero"]
[Result "1-0"]
[WhiteElo "1724"]
[BlackElo "1366"]
[PlyCount "83"]
[EventDate "2016.11.09"]
[EventType "swiss"]
[EventRounds "6"]
[EventCountry "BRA"]
[SourceTitle "EXT 2022"]
[Source "ChessBase"]
[SourceDate "2021.10.06"]
[SourceVersion "1"]
[SourceVersionDate "2021.10.06"]
[SourceQuality "1"]

1. e4 c5 2. Nf3 d6 3. d4 cxd4 4. Nxd4 Nf6 5. Nc3 a6 6. a4 e6 7. Bd3 Nbd7 8. Nb3 Be7 9. 0-0 b6 10. Qe2 Ne5 11. f4 Nxd3 12. Qxd3 Bb7 13. f5 exf5 14. exf5 d5 15. Bg5 0-0 16. Rad1 Rc8 17. Rfe1 Rc7 18. Qf1 Rd7 19. Nd4 Bc5 20. Kh1 Qc7 21. Bxf6 gxf6 22. Rd3 Kh8 23. Nce2 Re7 24. Rdd1 Re4 25. c3 Rh4 26. Nf3 Rh5 27. g4 Rxh2+ 28. Nxh2 d4+ 29. Nf3 Rg8 30. cxd4 Bb4 31. Rc1 Qd6 32. Red1 Rxg4 33. Qh3 Bxf3+ 34. Qxf3 Rh4+ 35. Kg1 Qh2+ 36. Kf1 Rh3 37. Rc8+ Kg7 38. Qg2+ Qxg2+ 39. Kxg2 Rh5 40. Ng3 Rg5 41. Kf3 Bd6 42. Rg1 1-0

[Event "Rio de Janeiro Salamon Memorial"]
[Site "Rio de Janeiro"]
[Date "2016.06.24"]
[Round "1"]
[White "Marino, Felipe Gabriel"]
[Black "Okamura, Milton Kasuo"]
[Result "0-1"]
[WhiteElo "1702"]
[BlackElo "2040"]
[PlyCount "94"]
[EventDate "2016.06.24"]
[EventType "swiss"]
[EventRounds "6"]
[EventCountry "BRA"]
[SourceTitle "CBM 173 Extra"]
[Source "ChessBase"]
[SourceDate "2016.08.29"]
[SourceVersion "1"]
[SourceVersionDate "2016.08.29"]
[SourceQuality "1"]

1. e4 c5 2. Nf3 e6 3. d4 cxd4 4. Nxd4 Nc6 5. g3 Nf6 6. Bg2 a6 7. 0-0 Qc7 8. c3 Be7 9. b3 0-0 10. Bb2 d6 11. Nxc6 bxc6 12. Na3 Bb7 13. Re1 Rfe8 14. Nc2 d5 15. e5 Nd7 16. f4 a5 17. Ne3 Ba6 18. Kh1 Nc5 19. c4 Red8 20. Qh5 Nd3 21. Re2 Nxb2 22. Rxb2 Qb6 23. Qe2 Bc5 24. Re1 Rab8 25. Nd1 Bb4 26. Rg1 Qd4 27. Rc2 a4 28. Qe3 Qxe3 29. Nxe3 axb3 30. axb3 Bc5 31. Ra1 Bxe3 32. Rxa6 dxc4 33. Bxc6 cxb3 34. Rb2 Bc1 35. Rb1 b2 36. Be4 Rd2 37. Ra8 Rxa8 38. Bxa8 Kf8 39. Be4 h6 40. Kg1 Ke7 41. h3 f6 42. exf6+ gxf6 43. g4 Rd4 44. Bc2 Rxf4 45. Kg2 Kd6 46. Kg3 Ke5 47. h4 Rc4 0-1

[Event "Sao Paulo Hebraica op 23rd"]
[Site "Sao Paulo"]
[Date "2016.01.09"]
[Round "3"]
[White "Kojima, Rodrigo Yosuke"]
[Black "Marino, Felipe Gabriel"]
[Result "0-1"]
[WhiteElo "1760"]
[BlackElo "1681"]
[PlyCount "82"]
[EventDate "2016.01.08"]
[EventType "swiss"]
[EventRounds "6"]
[EventCountry "BRA"]
[SourceTitle "CBM 170 Extra"]
[Source "ChessBase"]
[SourceDate "2016.02.25"]
[SourceVersion "1"]
[SourceVersionDate "2016.02.25"]
[SourceQuality "1"]

1. d4 d5 2. Nf3 Nf6 3. Bf4 e6 4. e3 Bd6 5. Bxd6 Qxd6 6. Bd3 b6 7. c3 0-0 8. Nbd2 Nbd7 9. Qe2 Bb7 10. 0-0 e5 11. dxe5 Nxe5 12. Nxe5 Qxe5 13. Nf3 Qh5 14. h3 Ne4 15. Rfe1 Rad8 16. Rac1 c5 17. c4 Rd6 18. Rcd1 Rg6 19. Kf1 Rf6 20. Bc2 dxc4 21. Qxc4 Nd6 22. Qh4 Bxf3 23. Qxh5 Bxh5 24. Rd5 Bg6 25. Bxg6 Rxg6 26. Red1 Nc4 27. b3 Na5 28. Rd7 Nc6 29. a3 Re6 30. b4 cxb4 31. axb4 a6 32. Rb7 Nxb4 33. Rb1 a5 34. Ke2 Nd5 35. f3 Nc3+ 36. Kd2 Nxb1+ 37. Kd3 Rc6 38. g4 Rd8+ 39. Ke4 g5 40. f4 Nd2+ 41. Kf5 Rd5# 0-1

[Event "Sao Paulo ECP op 6th"]
[Site "Sao Paulo"]
[Date "2015.10.23"]
[Round "2"]
[White "Marino, Felipe Gabriel"]
[Black "Do Valle Cardoso, Lucas"]
[Result "1-0"]
[WhiteElo "1657"]
[BlackElo "1800"]
[PlyCount "51"]
[EventDate "2015.10.23"]
[EventType "swiss"]
[EventRounds "6"]
[EventCountry "BRA"]
[SourceTitle "CBM 169 Extra"]
[Source "ChessBase"]
[SourceDate "2015.12.18"]
[SourceVersion "1"]
[SourceVersionDate "2015.12.18"]
[SourceQuality "1"]

1. e4 e5 2. Nf3 Nc6 3. Bc4 Bc5 4. 0-0 Nf6 5. d3 0-0 6. c3 d6 7. b4 Bb6 8. a4 a6 9. Bb2 Bg4 10. Nbd2 Ne7 11. Qc2 Be6 12. Bxe6 fxe6 13. Qb3 d5 14. Nxe5 Qd6 15. Nef3 dxe4 16. dxe4 h6 17. e5 Qc6 18. exf6 Rxf6 19. b5 Qc5 20. Ne4 Qf5 21. Nxf6+ Qxf6 22. Nd4 Kf7 23. Rae1 Nd5 24. c4 Nf4 25. Nxe6 Qg6 26. Nxf4 1-0

[Event "Sao Paulo Salles Cup 3rd"]
[Site "Sao Paulo"]
[Date "2015.03.22"]
[Round "5"]
[White "Marino, Felipe Gabriel"]
[Black "Hoshino, Meilin"]
[Result "1-0"]
[WhiteElo "1666"]
[BlackElo "1341"]
[PlyCount "59"]
[EventDate "2015.03.20"]
[EventType "swiss"]
[EventRounds "6"]
[EventCountry "BRA"]
[SourceTitle "CBM 165 Extra"]
[Source "ChessBase"]
[SourceDate "2015.04.21"]
[SourceVersion "1"]
[SourceVersionDate "2015.04.21"]
[SourceQuality "1"]

1. e4 c6 2. d4 d5 3. e5 Bf5 4. Bd3 Bxd3 5. Qxd3 e6 6. Ne2 Nd7 7. 0-0 Ne7 8. c3 c5 9. Bg5 Qb6 10. Bxe7 Bxe7 11. Nd2 0-0 12. Kh1 Rab8 13. Rab1 Rfc8 14. f4 Rc6 15. f5 exf5 16. Qxf5 f6 17. Qxd7 Rc7 18. Qxd5+ Kh8 19. Nc4 Qa6 20. Nd6 Bd8 21. Nf7+ Rxf7 22. Qxf7 Bb6 23. exf6 Rg8 24. fxg7+ Rxg7 25. Qe8+ Rg8 26. Rf8 Kg7 27. Rxg8+ Kh6 28. Qe6+ Kh5 29. Nf4+ Kh4 30. g3# 1-0

[Event "Sao Paulo Salles Cup 3rd"]
[Site "Sao Paulo"]
[Date "2015.03.21"]
[Round "3"]
[White "Marino, Felipe Gabriel"]
[Black "Primo E Silva, Beatriz"]
[Result "1-0"]
[WhiteElo "1666"]
[BlackElo "1483"]
[PlyCount "129"]
[EventDate "2015.03.20"]
[EventType "swiss"]
[EventRounds "6"]
[EventCountry "BRA"]
[SourceTitle "CBM 165 Extra"]
[Source "ChessBase"]
[SourceDate "2015.04.21"]
[SourceVersion "1"]
[SourceVersionDate "2015.04.21"]
[SourceQuality "1"]

1. e4 c5 2. Nf3 Nc6 3. d4 cxd4 4. Nxd4 g6 5. g3 Bg7 6. c3 Nf6 7. Bg2 0-0 8. 0-0 Qb6 9. Na3 Ne8 10. Nxc6 bxc6 11. Rb1 Ba6 12. Be3 Qc7 13. Re1 Nd6 14. Qd2 Bc4 15. Nxc4 Nxc4 16. Qc2 Rab8 17. Bc1 Qa5 18. b4 Na3 19. Bxa3 Qxa3 20. Rb3 Qa6 21. Rd1 Rfd8 22. Rd3 c5 23. bxc5 Rxb3 24. axb3 Qa1+ 25. Bf1 Rc8 26. c4 Bd4 27. Rd1 Qb2 28. Qxb2 Bxb2 29. Rxd7 Rxc5 30. Rxa7 Re5 31. Ra2 Bc3 32. Bd3 Kg7 33. Rc2 Bb4 34. Ra2 e6 35. Kf1 f5 36. f4 Rc5 37. Ra7+ Kh6 38. Rb7 fxe4 39. Bxe4 Ba3 40. Rd7 Bb4 41. Rb7 Ba3 42. Rb6 Rh5 43. Rxe6 Rxh2 44. Bg2 Rh5 45. Bd5 Rh3 46. Kg2 Rh5 47. g4 Rh4 48. Kg3 Bc5 49. Kxh4 Bf2+ 50. Kh3 Bd4 51. Re7 g5 52. Be4 Bg7 53. fxg5+ Kxg5 54. Rxg7+ Kf4 55. c5 Kxe4 56. c6 Kf3 57. c7 h5 58. c8Q hxg4+ 59. Qxg4+ Ke3 60. Qc4 Kf2 61. Rf7+ Ke1 62. Rd7 Kf2 63. Qf4+ Ke2 64. Rd2+ Ke1 65. Qf2# 1-0

[Event "Sao Paulo Salles Cup 3rd"]
[Site "Sao Paulo"]
[Date "2015.03.21"]
[Round "4"]
[White "Mendes, Rodrigo Machado"]
[Black "Marino, Felipe Gabriel"]
[Result "1-0"]
[WhiteElo "1919"]
[BlackElo "1666"]
[PlyCount "65"]
[EventDate "2015.03.20"]
[EventType "swiss"]
[EventRounds "6"]
[EventCountry "BRA"]
[SourceTitle "CBM 165 Extra"]
[Source "ChessBase"]
[SourceDate "2015.04.21"]
[SourceVersion "1"]
[SourceVersionDate "2015.04.21"]
[SourceQuality "1"]

1. b3 b6 2. Bb2 Bb7 3. c4 Nf6 4. e3 e6 5. Nf3 d5 6. Na3 Nbd7 7. Be2 Be7 8. 0-0 0-0 9. Rc1 c5 10. d3 a6 11. Qc2 Qc7 12. Rfd1 Rfd8 13. Nb1 Bd6 14. h3 Ne5 15. Nbd2 Rd7 16. d4 Nxf3+ 17. Nxf3 dxc4 18. dxc5 cxb3 19. axb3 bxc5 20. Ng5 Bh2+ 21. Kh1 Rxd1+ 22. Bxd1 Be5 23. Ba3 Qa5 24. Nf3 Bd6 25. Bxc5 Rc8 26. b4 Qd8 27. Ng5 h6 28. Bf3 Nd5 29. Qh7+ Kf8 30. Nxf7 Kxf7 31. Bh5+ Kf6 32. Qg6+ Ke5 33. Bd4# 1-0

[Event "Sao Paulo Salles Cup 3rd"]
[Site "Sao Paulo"]
[Date "2015.03.20"]
[Round "2"]
[White "Caldeira, Tiago Pereira"]
[Black "Marino, Felipe Gabriel"]
[Result "1-0"]
[WhiteElo "2009"]
[BlackElo "1666"]
[PlyCount "47"]
[EventDate "2015.03.20"]
[EventType "swiss"]
[EventRounds "6"]
[EventCountry "BRA"]
[SourceTitle "CBM 165 Extra"]
[Source "ChessBase"]
[SourceDate "2015.04.21"]
[SourceVersion "1"]
[SourceVersionDate "2015.04.21"]
[SourceQuality "1"]

1. d4 d5 2. c4 c6 3. Nf3 Nf6 4. g3 e6 5. Bg2 Be7 6. 0-0 0-0 7. Nc3 Nbd7 8. Nd2 dxc4 9. Nxc4 Nd5 10. e4 Nxc3 11. bxc3 b5 12. Ne3 Bb7 13. Qb3 a6 14. a4 Nb6 15. Rd1 Qc7 16. a5 Nd7 17. c4 e5 18. Nf5 Bf6 19. Ba3 Rfe8 20. Bd6 Qc8 21. f4 exd4 22. e5 Bd8 23. Qf3 Nxe5 24. fxe5 1-0

[Event "Sao Paulo Karman Cup 2nd"]
[Site "Sao Paulo"]
[Date "2014.11.21"]
[Round "1"]
[White "Araujo, Renan Aparecido"]
[Black "Marino, Felipe Gabriel"]
[Result "1-0"]
[WhiteElo "1959"]
[BlackElo "1687"]
[PlyCount "60"]
[EventDate "2014.11.21"]
[EventType "swiss"]
[EventRounds "6"]
[EventCountry "BRA"]
[SourceTitle "CBM 163 Extra"]
[Source "ChessBase"]
[SourceDate "2014.12.23"]
[SourceVersion "1"]
[SourceVersionDate "2014.12.23"]
[SourceQuality "1"]

1. e4 e5 2. Nf3 Nc6 3. Bb5 a6 4. Ba4 Nf6 5. d3 Bc5 6. 0-0 b5 7. Bb3 0-0 8. Re1 d6 9. c3 Bg4 10. h3 Bh5 11. Nbd2 Qd7 12. Nf1 d5 13. exd5 Nxd5 14. Ng3 Bxf3 15. Qxf3 Nde7 16. Ne4 Bb6 17. Be3 Bxe3 18. Rxe3 Qf5 19. Qe2 Ng6 20. Rf3 Qh5 21. Ng3 Qh4 22. Bd5 Nf4 23. Qe4 Ne7 24. Bxa8 f5 25. Qxe5 Neg6 26. Bd5+ Kh8 27. Rxf4 Nxf4 28. Re1 Nxd3 29. Qe7 Qf6 30. Qxf6 gxf6 1-0

[Event "Sao Bernardo do Campo LXSBC op"]
[Site "Sao Bernardo do Campo"]
[Date "2014.07.26"]
[Round "4"]
[White "Marino, Felipe Gabriel"]
[Black "Santos, Jose Antonio Dos"]
[Result "0-1"]
[WhiteElo "1707"]
[BlackElo "1743"]
[PlyCount "108"]
[EventDate "2014.07.25"]
[EventType "swiss"]
[EventRounds "6"]
[EventCountry "BRA"]
[SourceTitle "EXT 2016"]
[Source "ChessBase"]
[SourceDate "2015.10.08"]
[SourceVersion "1"]
[SourceVersionDate "2015.10.08"]
[SourceQuality "1"]

1. e4 c5 2. Nf3 d6 3. d4 cxd4 4. Nxd4 Nf6 5. Nc3 a6 6. g3 e5 7. Nb3 b5 8. Bg2 Be6 9. 0-0 Be7 10. Bg5 Nbd7 11. Bxf6 Nxf6 12. h3 0-0 13. Qd2 Rc8 14. Rfd1 Qc7 15. Rac1 Rfd8 16. Qe3 b4 17. Nd5 Nxd5 18. exd5 Bf5 19. c4 bxc3 20. Rxc3 Qd7 21. Kh2 Rxc3 22. bxc3 Qa4 23. Rd2 h6 24. f4 Bf6 25. Rf2 g6 26. fxe5 Bxe5 27. Qxh6 Bxc3 28. Qg5 f6 29. Qe3 Be5 30. Qb6 Rd7 31. Qb8+ Kg7 32. Qb6 Bd3 33. Qe3 Bb1 34. Qd2 Rb7 35. Qa5 Qh4 36. Rf3 Be4 37. Re3 Bxg2 38. Kxg2 Qc4 39. Qd2 Rb5 40. Rd3 Qe4+ 41. Kh2 Rb4 42. Qe3 Qf5 43. Qa7+ Kh6 44. Qe3+ g5 45. Kg2 Rc4 46. Qf3 Rc2+ 47. Rd2 Qxf3+ 48. Kxf3 Rc3+ 49. Ke2 Rxg3 50. Rd3 Rg2+ 51. Kf3 Rxa2 52. Nc1 Rh2 53. Ke4 Kg6 54. Rb3 f5+ 0-1